000 00710nam a2200229 i 4500
001 bgj
100 1 _aGRIESER, Dietmar.
245 1 0 _aSchauplätze der Weltliteratur :
_bauf den Spuren von Dostojewski, Eichendorff, Frischmuth, Hauptmann, Hoffmannsthal, Proust, Stifter, Werfel, Williams u. a. /
_cDietmar Grieser.
260 _a[München] :
_bWilhelm Goldmann Verlag,
_c1979.
300 _a253 s. :
_bil. ;
_c18 cm.
490 1 _aGoldmann Sachbuch
_v11246
650 9 _aLiteratura
830 _aGoldmann Sachbuch
020 _a344211246X
040 _cBPK
041 0 _ager
044 _aDEU
080 _a82
920 _a3-442-11246-X
942 _cKS
008 s gw f |000 0 ger
999 _c50466
_d50466
856 _uhttp://koha.tu.koszalin.pl/cgi-bin/koha/opac-detail.pl?biblionumber=50466
_yKatalog online BPK